British Places by Alternative Clues - Statistics

General Stats
  • This quiz has been taken 48 times
  • The average score is 32 of 40
Answer Stats
Picture Answer % Correct
Archbishop of {Canterbury}
98%
{Buckingham} Palace
98%
{Fleetwood} Mac
98%
{Yorkshire} pudding
98%
Abraham {Lincoln}
95%
Battle of {Hastings}
95%
{Loch Ness} Monster
95%
{Shetland} pony
95%
Crocodile {Dundee}
93%
{Rugby} ball
93%
Sheriff of {Nottingham}
93%
{Bath}
90%
{Bermuda} Triangle
90%
{Cheshire} cat
90%
{Derry} Girls
90%
{Eton} mess
90%
Kentucky {Derby}
90%
{Worcestershire} sauce
90%
{Greenwich} Meridian
88%
{London} Calling
88%
{Sheffield} Wednesday
85%
{Blackpool} Illuminations
83%
{Brecon} Beacons
83%
Red {Leicester}
83%
{Cardigan}
80%
{Warwick} Davis
80%
{Bakewell} tart
78%
{Cumberland} sausage
78%
Pirates of {Penzance}
78%
Wombles of {Wimbledon}
78%
{Scarborough} Fair
75%
New {Jersey}
73%
Duke of {Edinburgh}
68%
{Glasgow} smile
60%
HMS {Belfast}
55%
{Vauxhall} Motors
55%
{Oxford} shoes
48%
{Lambeth} walk
40%
{Argyll} pattern
38%
{Hereford} cattle
20%
No matching quizzes found
Score Distribution
Percent of People with Each Score
Percentile by Number Answered
Your Score History
You have not taken this quiz